Govt. of
Madhya Pradesh

Indian Art and Culture for Civil Services... (Record no. 63344)

MARC details
000 -LEADER
fixed length control field 00255nam a22000977a 4500
100 ## - MAIN ENTRY--AUTHOR NAME
Personal name Singhania,Nitin
245 ## - TITLE STATEMENT
Title Indian Art and Culture for Civil Services...
260 ## - PUBLICATION, DISTRIBUTION, ETC. (IMPRINT)
Place of publication Chennai
Name of publisher Mc Graw Hill
Year of publication 2020
650 ## - SUBJECT ADDED ENTRY--TOPICAL TERM
Topical Term Art & Culture
942 ## - ADDED ENTRY ELEMENTS (KOHA)
Koha item type Books

No items available.